| 000 | 01653nam a22001577a 4500 | ||
|---|---|---|---|
| 999 |
_c513833 _d513833 |
||
| 008 | 200904b ||||| |||| 00| 0 eng d | ||
| 100 |
_aStraub, Ludwig and Werning, Ivan _917566 |
||
| 245 | _aPositive Long-Run Capital Taxation: Chamley-Judd Revisited | ||
| 260 | _aAmerican Economic Review | ||
| 300 | _a110(1), Jan 2020. p. 86-119 | ||
| 520 | _aAccording to the Chamley-Judd result, capital should not be taxed in the long run. In this paper, we overturn this conclusion, showing that it does not follow from the very models used to derive it. For the main model in Judd (1985), we prove that the long-run tax on capital is positive and significant, whenever the intertemporal elasticity of substitution is below one. For higher elasticities, the tax converges to zero but may do so at a slow rate, after centuries of high tax rates. The main model in Chamley (1986) imposes an upper bound on capital taxes. We provide conditions under which these constraints bind forever, implying positive long-run taxes. When this is not the case, the long-run tax may be zero. However, if preferences are recursive and discounting is locally nonconstant (e.g., not additively separable over time), a zero long-run capital tax limit must be accompanied by zero private wealth (zero tax base) or by zero labor taxes (first-best). Finally, we explain why the equivalence of a positive capital tax with ever-increasing consumption taxes does not provide a firm rationale against capital taxation. | ||
| 650 |
_aBusiness Taxes and Subsidies including sales and value-added (VAT) _917567 |
||
| 773 | _aAmerican Economic Review | ||
| 906 | _aTAXATION | ||
| 942 | _cAR | ||